01831nam a22002897a 450000500170000000800410001702000150005804000250007304100080009804400070010608200180011310000450013124504180017624601550059426001590074930000390090865000550094765000700100265000580107265000640113070000560119470000560125070000490130694200170135599900150137295201540138720150214102837.0041004s2005 ck bdo gr 00010 spa d a9583382817 aCO-BoIAVHcCO-BoIAVH aspa ack04a583.42 bU42g1 aUlloa Delgado, Giovanni Andrées.9688710aPlan de Manejo Integral de los Manglares de la Zona de Uso Sostenible de la Bahía de Cispatá, Córdoba -Colombia:bguía /cGiovanni Andrés Ulloa Delgado, Héctor A. Tavera Escobar ; revisión de textos Luis Enrique Vega G., Doris Stella Liscano Q. ; fotografías Giovanni Andrés Ulloa Delgado, Denis L. Cavanzo Ulloa, Héctor A. Tavera Escobar ; diagramación digital Doris Stella Liscano Quevedo33aGuía para la implementación Plan de Manejo Integral de los Manglares de la zona de uso sostenible de la bahía de Cispatá, Córdoba -Colombia3 aBogotábCorporación Autónoma Regional de los Valles del Sinú y del San Jorge bConif. Corporación de la Investigación y Fomento Forestalc2005 a28 p. bfot., mapas, tablasc28 cm16aManglaresz Cispatá (Córdoba, Colombia)93300916aEcología de manglares.z Cispatá (Córdoba, Colombia)93301016aVegetaciónz Cispatá (Córdoba, Colombia)933011 aEcología vegetalz Cispatá (Córdoba, Colombia)93301212aUlloa Delgado, Giovanni Andréseautor, fot.9517112aTavera Escobar, Héctor Arsenioeautor, fot.9243912aCavanzo Ulloa, Dennis Leonardo, efot.96892 2ddccImpreso c8120d8120 00102ddc40708GENERALIINV2017aBogotabBogotad2014-02-19l0oLB-583.42 U42gp034046r2014-02-19 00:00:00tEj. 1w2014-02-19xDonaciónyFolleto